| 000 | 00402nam a2200145Ia 4500 | ||
|---|---|---|---|
| 008 | 211109s9999||||xx |||||||||||||| ||und|| | ||
| 082 |
_a821 _bGOL-I |
||
| 100 | _aGoldsmith [oliver], | ||
| 245 | 0 | _aIntermediate Minor Poems | |
| 260 |
_bSelect Publishing House _aBangalore _c1954 |
||
| 300 | _a187p | ||
| 630 | _xGeneral Stack | ||
| 650 |
_aENGLISH LITERATURE _vENGLISH POETRY _xEnglish |
||
| 942 | _cBOOK | ||
| 999 |
_c17559 _d17559 |
||